| 000 | 00527nam a2200193Ia 4500 | ||
|---|---|---|---|
| 008 | 140110s9999 xx 000 0 und d | ||
| 020 |
_a9788175415447 _cRs 550.00 |
||
| 040 | _aLoreto College | ||
| 041 | _aEnglish | ||
| 082 |
_a379.26/AGG _bLCBED/14716 |
||
| 100 | _aAggarwal, J.C. | ||
| 245 |
_aRight to education and revitalizing education _cJC Aggarwal |
||
| 260 |
_aDelhi _bShipra Publications _c2010 |
||
| 300 |
_a209p _c22*14cms |
||
| 650 | _aEducation | ||
| 700 | _aGupta | ||
| 850 | _aLCBED/379.26 | ||
| 942 | _cBK | ||
| 999 |
_c37302 _d87781 |
||